Reflexiones acerca de la relación entre los conceptos (Registro nro. 3541)

Detalles MARC
000 -CABECERA
Campo de control 00508nam a2200169 a 4500
005 - FECHA Y HORA DE LA ULTIMA TRANSACCION
Campo de control 20140311165017.0
008 - ELEMENTOS DE LONGITUD FIJA—INFORMACION GENERAL
Campo de control 140311b1996 ck ||||| |||| 00| 0 spa d
041 ## - IDIOMA
Código de idioma para texto/pista de sonido o título separado Español
044 ## - PAÍS DE PUBLICACIÓN
País de publicación Colombia
090 ## - CLASIFICACIÓN LOCAL
Colección LB
Consecutivo 03324
100 ## - ASIENTO PRINCIPAL--NOMBRE PERSONAL
Nombre personal González L. de G., Francisco
245 ## - MENCION DE TITULO
Título Reflexiones acerca de la relación entre los conceptos
Parte restante del título ecosistema, cultura y desarrollo
260 ## - PUBLICACION, DISTRIBUCION, ETC. (PIE DE IMPRENTA)
Lugar de publicación, distribución, etc. Bogotá
Nombre del editor, distribuidor, etc. IDEADE
-- Pontificia Universidad Javeriana
Fecha de publicación, distribución, etc. 1996
300 ## - DESCRIPCION FISICA
Extensión 101 p.
942 ## - ELEMENTOS ADICIONALES (KOHA)
Tipo de ítem Impreso
Sistema de clasificación Local
945 ## - PROCESAMIENTO LOCAL
AAAA-MM-DD - Fecha de ingreso o modificacion 2003-12-11

No hay ítems disponibles.